000 01148nam a22002417a 4500
999 _c15935
_d15935
003 AR-CdUCM
008 190430b ||||| |||| 00| 0 spa d
040 _aMUNICIPALIDAD PROVINCIAL DEL CUSCO
_cBIBLIOTECA MUNICIPAL DEL CUSCO
082 _a770 /
_bP964
100 _aValencia Miranda, carlos
_935179
110 _aOficina del centro histórico de Cusco
_aPrograma de cooperación hispano peruano
_935180
245 _aPlan de rehabilitacion integral del centro historico del Cusco :
_aProyecto :
_bRegistro fotográfico del centro histórico de Cusco /
260 _aCusco :
_c2003.
300 _a157 páginas ;
_bFotografías, Cuadros informativos,
_c22 cm.
505 _aContenido: t.1: Registro fotográfico del centro historico de Cusco -- t.2: Sector 10 -- t.3: Sector 11 -- t.4: Sector 11 -- t.5: Sector 13.
650 _aCusco
_9772
650 _aRegistro fotográfico
_921030
650 _aCentro histórico del Cusco
_92015
700 _aOlivera Aguirre, Maria luz (coordinadores del registro)
_935181
700 _aZecenarro Benavente, Gérman (coordinadores del registro)
_935182
942 _2ddc
_cLIBROS
945 _adavv
_d30/04/2019